000 004370000a22001810004500
003 MACL
005 20151231123331.0
008 151231b xxu||||| |||| 00| 0 eng d
040 _aMACL
_cMACL
041 _aEnglish
082 _a328/ANA
100 _aAnandam, M
_925533
245 _aTryst with Destiny
260 _bArnold Heinemann
_c1975
_aDelhi
350 _a20
650 _aPolitical Science
_925534
942 _cBK
_k328/ANA
_2ddc
999 _c36108
_d36108